Administering marine spaces (Record no. 106266)

MARC details
000 -LEADER
fixed length control field 01516cam a2200229 4500
001 - CONTROL NUMBER
control field L135981
008 - FIXED-LENGTH DATA ELEMENTS--GENERAL INFORMATION
fixed length control field 061221n2006 000 0 eng u
020 ## - INTERNATIONAL STANDARD BOOK NUMBER
International Standard Book Number 8790907558
035 ## - SYSTEM CONTROL NUMBER
System control number (Sirsi) u135981
041 0# - LANGUAGE CODE
Language code of text/sound track or separate title eng
050 04 - LIBRARY OF CONGRESS CALL NUMBER
Classification number 333.9164 $2 18
110 2# - MAIN ENTRY--CORPORATE NAME
Corporate name or jurisdiction name as entry element Federation International Des Geometres
245 00 - TITLE STATEMENT
Title Administering marine spaces
Remainder of title international issues
260 ## - PUBLICATION, DISTRIBUTION, ETC.
Place of publication, distribution, etc. Copenhagen
Name of publisher, distributor, etc. FIG
Date of publication, distribution, etc. 2006
300 ## - PHYSICAL DESCRIPTION
Extent 176p.
Dimensions 25cm.
505 0# - FORMATTED CONTENTS NOTE
Formatted contents note Issues in the governance of marine spaces -- Marine administration research activities within Asia and the Pacific region - towards a seamless land-sea interface -- A national geocentric datum and the administration of marine spaces in Malaysia -- Governing the North Sea in the Netherlands -- Using Canadian MPAs to highlight the need for improved tenure information management -- Institutional frameworks in the administration of coastal and marine space in Africa -- Impact and management of oil spill polution among the Nigerian coastal areas -- The Douala coastal lagoon complex, Cameroon: environmental issues -- The protection, management and development of the marine and coastal environment of Ghana -- A note on marine administration in small island developing states
520 ## - SUMMARY, ETC.
Summary, etc. Discusses the experiences of the FIG in the areas of coastal zone management, marine cadastre and marine governance.
590 ## - LOCAL NOTE (RLIN)
Local note KA
651 #4 - SUBJECT ADDED ENTRY--GEOGRAPHIC NAME
Geographic name International
690 ## - LOCAL SUBJECT ADDED ENTRY--TOPICAL TERM (OCLC, RLIN)
Topical term or geographic name as entry element PROPERTY-RURAL AND NATURAL ASSETS-MARINE RESOURCES-MARINE RESOURCE MANAGEMENT
942 ## - ADDED ENTRY ELEMENTS (KOHA)
Suppress in OPAC 0
Holdings
Withdrawn status Lost status Source of classification or shelving scheme Damaged status Not for loan Home library Current library Shelving location Date acquired Total Checkouts Full call number Barcode Date last seen Copy number Price effective from Koha item type
    Dewey Decimal Classification     London London Books 21/12/2006   333.9164 FED 30073493 06/08/2019 1 06/08/2019 Book